00811naa#a2200181#i#4500001001600000005001700016011001400033100004100047102000700088200016500095210020500260215001000465608004500475675002700520700002400547700002800571856003000599RU\\bibl\12137820260429112249.3##a1994-4683##a20230531b2023####ek#y0rusy0150####ca##aRU1#aВЛИЯНИЕ ЗАНЯТИЙ САМБО НА АДАПТАЦИОННЫЙ ПОТЕНЦИАЛ ШКОЛЬНИКОВ 11-13 ЛЕТeЖурнальная статья1#aМоскваcНациональный государственный Университет физической культуры, спорта и здоровья им. П.Ф. Лесгафтаd2023##a3 с.##aЖурнальная статья2local##aДзюдо. 796.853.23#1aАвакянgА Г#1aЛевицкийgА Г4#auchzapiski.lesgaft.spb.ru